[Event "ch-city A"]
[Site "Warszawa"]
[Date "2013.05.17"]
[Round "7.9"]
[White "Malec, Sebastian"]
[Black "Nowak, Lukasz"]
[Result "1/2-1/2"]
[WhiteElo "2170"]
[BlackElo "1897"]
[PlyCount "76"]
[EventDate "2013.05.11"]
[EventType "swiss"]
[EventRounds "9"]
[EventCountry "POL"]

1. d4 Nf6 2. c4 e6 3. Nc3 Bb4 4. Qc2 O-O 5. e4 d5 6. e5 Ne4 7. Bd3 c5 8. a3
Bxc3+ 9. bxc3 Qa5 10. Bxe4 dxe4 11. Bd2 Qa6 12. Qxe4 Qxc4 13. Ne2 Nc6 14. O-O
Rd8 15. Ng3 Rd5 16. Rae1 cxd4 17. Qg4 Ne7 18. h4 Qd3 19. Bg5 Nf5 20. Bf6 g6 21.
Rd1 Qxc3 22. Nxf5 exf5 23. Qg5 Qxa3 24. Be7 Qa4 25. h5 Qc6 26. f4 Qe6 27. Rd3
a5 28. Rh3 Ra6 29. Bf6 Qe8 30. Qh6 Qf8 31. Qxf8+ Kxf8 32. hxg6 fxg6 33. Rxh7
Be6 34. Rxb7 Rc6 35. Kf2 Rc2+ 36. Kg3 Rc3+ 37. Kf2 Rc2+ 38. Kg3 Rc3+ 1/2-1/2

[Event "ch-city A"]
[Site "Warszawa"]
[Date "2013.05.17"]
[Round "7.10"]
[White "Eggink, Ryszard"]
[Black "Kowalska, Elzbieta"]
[Result "1-0"]
[WhiteElo "2087"]
[BlackElo "1891"]
[PlyCount "103"]
[EventDate "2013.05.11"]
[EventType "swiss"]
[EventRounds "9"]
[EventCountry "POL"]

1. e4 c5 2. Nf3 Nc6 3. d4 cxd4 4. Nxd4 Nf6 5. Nc3 d6 6. Bg5 Bd7 7. Qd2 a6 8. f3
e6 9. g4 Be7 10. h4 Nxd4 11. Qxd4 Bc6 12. O-O-O Qc7 13. Be3 O-O 14. h5 Rfd8 15.
g5 Ne8 16. g6 Bf6 17. Qd2 d5 18. gxf7+ Qxf7 19. Bb6 Rd7 20. Bd3 d4 21. Ne2 e5
22. Kb1 Bb5 23. f4 Qe6 24. Bc5 b6 25. Ba3 Bxd3 26. cxd3 Nd6 27. f5 Qe8 28. Bxd6
Rxd6 29. h6 Rc8 30. Ng3 Rdc6 31. Nh5 R8c7 32. Rdg1 Kh8 33. hxg7+ Bxg7 34. Nxg7
Rxg7 35. Rxg7 Kxg7 36. Qh2 h6 37. Rg1+ Kh7 38. Qg3 Qh8 39. a3 b5 40. Rg2 a5 41.
Rc2 Qe8 42. Rxc6 Qxc6 43. Qxe5 Qd7 44. Kc2 h5 45. Kd2 h4 46. Qf6 b4 47. Qxh4+
Kg7 48. f6+ Kg6 49. e5 bxa3 50. bxa3 Qa4 51. Qg4+ Kf7 52. Qg7+ 1-0

[Event "ch-city A"]
[Site "Warszawa"]
[Date "2013.05.17"]
[Round "7.11"]
[White "Jarmula, Pawel"]
[Black "Bielecki, Pawel"]
[Result "1-0"]
[WhiteElo "2190"]
[BlackElo "1983"]
[PlyCount "83"]
[EventDate "2013.05.11"]
[EventType "swiss"]
[EventRounds "9"]
[EventCountry "POL"]

1. d4 Nf6 2. c4 c5 3. d5 b5 4. cxb5 a6 5. e3 axb5 6. Bxb5 Ba6 7. Bxa6 Nxa6 8.
Nc3 g6 9. e4 d6 10. Nf3 Bg7 11. O-O O-O 12. Nd2 Nd7 13. a4 Nc7 14. Nc4 Qb8 15.
a5 Ra6 16. Bg5 Re8 17. Qa4 Ne5 18. Nxe5 Bxe5 19. Rfb1 e6 20. Bd2 exd5 21. Nxd5
Nxd5 22. exd5 Qa8 23. Qc4 Rb8 24. Ra2 Qb7 25. b3 Qb5 26. Qxb5 Rxb5 27. Ra4 Kg7
28. Kf1 Kf6 29. Ke2 Ke7 30. Kd3 Kd7 31. Kc4 Rb8 32. b4 cxb4 33. Raxb4 Rxb4+ 34.
Kxb4 Bd4 35. Kc4 Bc5 36. Rb7+ Ke8 37. Rb8+ Kd7 38. Kb5 Ra7 39. a6 Rc7 40. Ba5
Ra7 41. Bb6 Bxb6 42. Kxb6 1-0

[Event "ch-city A"]
[Site "Warszawa"]
[Date "2013.05.17"]
[Round "7.12"]
[White "Sadowski, Miroslaw"]
[Black "Kuciel, Wladyslaw"]
[Result "0-1"]
[WhiteElo "2148"]
[BlackElo "2006"]
[PlyCount "106"]
[EventDate "2013.05.11"]
[EventType "swiss"]
[EventRounds "9"]
[EventCountry "POL"]

1. d4 Nf6 2. Nf3 e6 3. Bf4 c5 4. e3 d5 5. c3 Nc6 6. Nbd2 cxd4 7. exd4 Be7 8. h3
O-O 9. Bd3 a6 10. a4 Bd7 11. O-O Rc8 12. Re1 Na5 13. Ne5 Be8 14. Re3 b5 15. Rg3
Kh8 16. axb5 axb5 17. Qe2 Nc4 18. b3 Na3 19. Bg5 b4 20. cxb4 Nc2 21. Bxc2 Rxc2
22. Qd1 Qc7 23. Nd3 h6 24. Bf4 Qc3 25. Ne1 Qxd4 26. Nxc2 Qxf4 27. Rf3 Qb8 28.
Rc3 Bd6 29. Ra5 e5 30. Qa1 Bd7 31. Rcc5 d4 32. Nc4 Bxc5 33. Rxc5 d3 34. N2e3
Qxb4 35. Qxe5 Re8 36. Qd4 Re4 37. Qd6 Kh7 38. Ra5 Qxb3 39. Ra3 Qb1+ 40. Kh2 Qe1
41. Qxd3 g6 42. Ra6 Be6 43. Nd2 Rf4 44. f3 Nh5 45. Nef1 Bxh3 46. Qe3 Qxe3 47.
Nxe3 Be6 48. Ne4 Kg7 49. g4 Rxf3 50. Ra3 Bxg4 51. Nd6 Nf4 52. Ra7 Be6 53. Ne8+
Kf8 0-1

[Event "ch-city A"]
[Site "Warszawa"]
[Date "2013.05.17"]
[Round "7.13"]
[White "Piotrowski, Arkadiusz"]
[Black "Kasperkiewicz, Pawel"]
[Result "0-1"]
[WhiteElo "1971"]
[BlackElo "2108"]
[PlyCount "216"]
[EventDate "2013.05.11"]
[EventType "swiss"]
[EventRounds "9"]
[EventCountry "POL"]

1. e4 c6 2. d4 d5 3. e5 Bf5 4. g4 Bc8 5. Bd3 e6 6. c3 c5 7. Nf3 Nc6 8. O-O h5
9. g5 g6 10. Na3 c4 11. Bc2 Bxa3 12. bxa3 Bd7 13. Rb1 Na5 14. a4 Ne7 15. Ba3
O-O 16. h4 Bc6 17. Ne1 Qd7 18. Ng2 Kg7 19. Qf3 Ng8 20. Bxf8+ Rxf8 21. Qd1 Ne7
22. Ne3 Rg8 23. Qf3 Nf5 24. Nxf5+ gxf5 25. Qd1 Kg6 26. Rb4 b6 27. Re1 Qd8 28.
Re3 Rh8 29. Rf3 Qe8 30. Qb1 Bd7 31. Qd1 Nc6 32. Rb2 Na5 33. Re3 Rh7 34. Kf1 Rh8
35. Rf3 Rh7 36. Qb1 Rh8 37. Qd1 Rh7 38. Re3 Rh8 39. Re1 Rh7 40. Rb4 Nc6 41. Rb1
Na5 42. Re2 Rh8 43. Qc1 Bxa4 44. Qa3 Bxc2 45. Rxc2 Qd7 46. Ke1 Rc8 47. Kd2 Kg7
48. Rcb2 Nc6 49. Kc2 Rc7 50. Rg1 Rc8 51. Kb1 Kg6 52. Ka1 Rd8 53. Rgb1 Rc8 54.
Qa6 Rc7 55. Qb5 Kg7 56. Rg1 Kg6 57. Kb1 Kg7 58. Kc1 Kg6 59. Kd1 Kg7 60. Ke1 Kg6
61. f3 Rc8 62. Kf2 Rc7 63. Kg2 Kg7 64. Kh3 Rc8 65. Rbb1 Kg6 66. Qb2 Ne7 67. Qa3
Nc6 68. Ra1 Rd8 69. Rgb1 Rc8 70. Qa6 Kg7 71. Qb5 Rc7 72. a4 Kg6 73. Rb2 Qe7 74.
f4 Na5 75. Rab1 Nc6 76. Ra2 Qd7 77. Kg2 Kg7 78. Kf2 Kg6 79. Ke3 Kg7 80. Kd2 Kg6
81. Kc2 Kg7 82. Raa1 Kg6 83. Kc1 Kg7 84. Ra2 Kg6 85. Kd1 Kg7 86. Kc1 Qe7 87.
Rbb2 Na5 88. Kc2 Rb7 89. Qb4 Qd7 90. Rb1 Rc7 91. Qb5 Nc6 92. Rg1 Qe7 93. Kc1
Qd7 94. g6 fxg6 95. Rag2 Ne7 96. Qb4 Qc6 97. Qd6 Kf7 98. Qb4 Rb7 99. Rb2 Qd7
100. Rg5 Nc6 101. Qb5 Rc7 102. Kb1 Qc8 103. Rbg2 Ne7 104. Rxg6 Nxg6 105. Rxg6
Kxg6 106. a5 Kh6 107. Kb2 bxa5 108. Ka3 Rg7 0-1

[Event "ch-city A"]
[Site "Warszawa"]
[Date "2013.05.17"]
[Round "7.14"]
[White "Kaliszewski, Tomasz"]
[Black "Gluszko, Monika"]
[Result "1/2-1/2"]
[WhiteElo "2010"]
[BlackElo "1914"]
[PlyCount "107"]
[EventDate "2013.05.11"]
[EventType "swiss"]
[EventRounds "9"]
[EventCountry "POL"]

1. d4 Nf6 2. c4 g6 3. Nc3 d5 4. cxd5 Nxd5 5. Na4 Bg7 6. Nf3 O-O 7. e3 Nc6 8.
Bb5 Qd6 9. O-O Rd8 10. h3 e5 11. Bxc6 Qxc6 12. dxe5 Qe8 13. Qc2 Nb4 14. Qxc7
Na6 15. Qc2 Nb4 16. Qb3 a5 17. Nc5 b6 18. a3 bxc5 19. axb4 Be6 20. Qc2 cxb4 21.
Rd1 Rdc8 22. Qe4 Bf5 23. Qf4 Bc2 24. Re1 Rc5 25. e4 Bxe5 26. Nxe5 Qxe5 27. Qxe5
Rxe5 28. f3 Rc8 29. Bf4 Rb5 30. Rac1 Rbc5 31. Kf2 Rc4 32. g4 f5 33. gxf5 gxf5
34. Rg1+ Kf7 35. Bh6 fxe4 36. Rg7+ Kf6 37. fxe4 Bxe4 38. Rxc4 Rxc4 39. Ra7 Rc5
40. Ke3 Bc2 41. h4 a4 42. Bf8 Rb5 43. Kf4 Ke6 44. Bg7 Rf5+ 45. Kg3 Rf7 46. Rxf7
Kxf7 47. Bd4 a3 48. bxa3 bxa3 49. Kf4 Ke6 50. Ke3 Kd5 51. Bg7 Kc4 52. Kd2 Kb3
53. Kc1 h5 54. Bf6 $11 1/2-1/2

[Event "ch-city A"]
[Site "Warszawa"]
[Date "2013.05.17"]
[Round "7.15"]
[White "Sujkowski, Pawel"]
[Black "Gorecki, Andrzej"]
[Result "1-0"]
[WhiteElo "1956"]
[BlackElo "2093"]
[PlyCount "75"]
[EventDate "2013.05.11"]
[EventType "swiss"]
[EventRounds "9"]
[EventCountry "POL"]

1. e4 e6 2. d4 d5 3. Nc3 Nf6 4. e5 Nfd7 5. f4 c5 6. Nf3 Nc6 7. Be3 Be7 8. Qd2
O-O 9. dxc5 Nxc5 10. O-O-O a6 11. Nd4 Qc7 12. Bd3 b5 13. Nxc6 Qxc6 14. Ne2 b4
15. Kb1 a5 16. Nd4 Qc7 17. Nb3 Nxb3 18. cxb3 a4 19. Rc1 Qa5 20. bxa4 Qxa4 21.
b3 Qa5 22. Rc2 Bd7 23. Rhc1 Rfc8 24. Rxc8+ Rxc8 25. Rxc8+ Bxc8 26. Qc2 Bd7 27.
Bxh7+ Kh8 28. Bd3 Bb5 29. Qc8+ Bd8 30. Bxb5 Qxb5 31. Qxd8+ Kh7 32. Qh4+ Kg8 33.
Qe1 Qd3+ 34. Kb2 Qe4 35. Qd2 g5 36. g3 f6 37. exf6 gxf4 38. gxf4 1-0

[Event "ch-city A"]
[Site "Warszawa"]
[Date "2013.05.17"]
[Round "7.16"]
[White "Goslawski, Michal"]
[Black "Kubeczko, Grzegorz"]
[Result "1/2-1/2"]
[WhiteElo "2149"]
[BlackElo "2036"]
[PlyCount "119"]
[EventDate "2013.05.11"]
[EventType "swiss"]
[EventRounds "9"]
[EventCountry "POL"]

1. e4 c6 2. Nc3 d5 3. Nf3 Bg4 4. h3 Bxf3 5. Qxf3 e6 6. d4 dxe4 7. Qxe4 Nf6 8.
Qh4 Nbd7 9. Bd2 Be7 10. Qg3 Qb6 11. O-O-O Qxd4 12. Be3 Qb4 13. Qxg7 Rg8 14. Qh6
Rg6 15. Qf4 Qxf4 16. Bxf4 Bc5 17. g4 Bxf2 18. Bd3 Rg8 19. Rhf1 Bh4 20. Ne4 Nxe4
21. Bxe4 Nf6 22. Bd3 Nd5 23. Bd2 Bg5 24. Rf3 h6 25. Rdf1 Rg7 26. a3 Rd8 27. Kd1
Bxd2 28. Kxd2 Rd7 29. c4 Ne7 30. Kc3 Rg5 31. Rf6 h5 32. gxh5 Rxh5 33. Rxf7 Nf5
34. Bxf5 Rxf7 35. Bg6 Rxh3+ 36. Kd4 Rhh7 37. Rg1 Ke7 38. Bxf7 Rxf7 39. Rg8 b6
40. Ra8 Kf6 41. Rd8 Kf5 42. b4 Kf4 43. Rd6 e5+ 44. Kd3 Kf3 45. Kd2 e4 46. Re6
Rd7+ 47. Ke1 Rh7 48. c5 Ke3 49. Kf1 bxc5 50. bxc5 Rh1+ 51. Kg2 Ra1 52. Rxc6
Rxa3 53. Rh6 Ra2+ 54. Kf1 Rc2 55. Ra6 Rc1+ 56. Kg2 Rxc5 57. Rxa7 Rf5 58. Ra3+
Kd4 59. Ra4+ Ke3 60. Ra3+ 1/2-1/2

[Event "ch-city A"]
[Site "Warszawa"]
[Date "2013.05.18"]
[Round "8.1"]
[White "Strzemiecki, Zbigniew"]
[Black "Przedmojski, Rafal"]
[Result "1/2-1/2"]
[WhiteElo "2443"]
[BlackElo "2359"]
[PlyCount "47"]
[EventDate "2013.05.11"]
[EventType "swiss"]
[EventRounds "9"]
[EventCountry "POL"]

1. e4 d5 2. exd5 Qxd5 3. Nc3 Qa5 4. d4 Nf6 5. Bc4 Bg4 6. Nge2 e6 7. Bd2 Qb6 8.
Be3 Bxe2 9. Bxe2 Nd5 10. Nxd5 exd5 11. O-O Be7 12. Bd3 Nd7 13. Re1 O-O 14. Qd2
Rfe8 15. c3 Bd6 16. Qc2 g6 17. Qb3 Qxb3 18. axb3 c6 19. f3 a6 20. Kf2 Nf8 21.
g3 Ne6 22. b4 f5 23. Bd2 Kf7 24. Re2 $11 1/2-1/2

[Event "ch-city A"]
[Site "Warszawa"]
[Date "2013.05.18"]
[Round "8.2"]
[White "Grabarczyk, Miroslaw"]
[Black "Janczarski, Michal"]
[Result "1/2-1/2"]
[WhiteElo "2470"]
[BlackElo "2346"]
[PlyCount "87"]
[EventDate "2013.05.11"]
[EventType "swiss"]
[EventRounds "9"]
[EventCountry "POL"]

1. d4 Nf6 2. c4 e6 3. Nf3 b6 4. g3 Bb7 5. Bg2 Be7 6. O-O O-O 7. Nc3 Ne4 8. Nxe4
Bxe4 9. Ne1 Bxg2 10. Nxg2 d5 11. Qa4 dxc4 12. Qxc4 c5 13. Be3 cxd4 14. Bxd4 Qc8
15. Rfc1 Nd7 16. Ne3 Bf6 17. Bxf6 Nxf6 18. Rc2 h6 19. Qxc8 Raxc8 20. Rac1 Rxc2
21. Rxc2 Rd8 22. Kf1 Kf8 23. Rc7 Rd7 24. Rc8+ Ne8 25. Nc4 f6 26. e4 b5 27. Ne3
Ke7 28. Rc5 a6 29. Ke2 Rc7 30. Rxc7+ Nxc7 31. Kd3 Kd6 32. Nc2 h5 33. Nd4 g5 34.
b4 Ne8 35. Nb3 Nc7 36. f4 e5 37. f5 Kc6 38. h4 g4 39. a3 Kd6 40. Nc5 Kc6 41.
Nb3 Kd6 42. Kc3 Kc6 43. Kd3 Kd6 44. Kc3 1/2-1/2

[Event "ch-city A"]
[Site "Warszawa"]
[Date "2013.05.18"]
[Round "8.3"]
[White "Nurkiewicz, Maciej"]
[Black "Rudolf, Michal"]
[Result "1/2-1/2"]
[WhiteElo "2379"]
[BlackElo "2364"]
[PlyCount "98"]
[EventDate "2013.05.11"]
[EventType "swiss"]
[EventRounds "9"]
[EventCountry "POL"]

1. e4 e6 2. d4 d5 3. e5 c5 4. c3 Bd7 5. Nf3 Qb6 6. a3 Bb5 7. c4 dxc4 8. d5 exd5
9. Qxd5 Ne7 10. Qe4 Qc6 11. Nc3 Qxe4+ 12. Nxe4 Ng6 13. Be3 Nd7 14. Nd6+ Bxd6
15. exd6 b6 16. O-O-O Nde5 17. Nxe5 Nxe5 18. Bf4 Ng6 19. Bg3 f5 20. h4 f4 21.
h5 fxg3 22. hxg6 h6 23. fxg3 O-O-O 24. Rh4 Rhf8 25. Rf4 Rxf4 26. gxf4 Rf8 27.
g3 Rf6 28. f5 Kd8 29. g4 h5 30. gxh5 Rxf5 31. Be2 Rf2 32. Re1 Rh2 33. b3 Rh4
34. Rf1 Kd7 35. a4 Ba6 36. Rf7+ Kxd6 37. bxc4 Bxc4 38. Bxc4 Rxc4+ 39. Kb2 Rh4
40. Rxg7 Rxh5 41. Rxa7 Rg5 42. g7 Rg3 43. Kc2 $11 c4 44. Rb7 Kc6 45. Rf7 Kc5
46. Rb7 Rg2+ 47. Kc3 Rg3+ 48. Kc2 Rg2+ 49. Kc3 Rg3+ 1/2-1/2

[Event "ch-city A"]
[Site "Warszawa"]
[Date "2013.05.18"]
[Round "8.4"]
[White "Maciaga, Marcin"]
[Black "Leks, Maria"]
[Result "1/2-1/2"]
[WhiteElo "2208"]
[BlackElo "2091"]
[PlyCount "174"]
[EventDate "2013.05.11"]
[EventType "swiss"]
[EventRounds "9"]
[EventCountry "POL"]

1. d4 d5 2. c4 c6 3. Nf3 Nf6 4. e3 Bg4 5. Nc3 e6 6. h3 Bxf3 7. Qxf3 Nbd7 8. Qd1
Bd6 9. Qb3 Rb8 10. Be2 O-O 11. O-O Qe7 12. Rd1 dxc4 13. Bxc4 a6 14. a4 e5 15.
dxe5 Nxe5 16. Be2 b5 17. axb5 axb5 18. f4 Ng6 19. Bf3 Rfc8 20. Ra6 Bc5 21. Ne2
Nh4 22. Nd4 Bxd4 23. Rxd4 Nxf3+ 24. gxf3 Qb7 25. Qa2 Ra8 26. Rxa8 Rxa8 27. Qa5
Nd5 28. Qd2 Qb6 29. b4 Re8 30. Qd3 Qa7 31. Bd2 h6 32. e4 Nxb4 33. Bxb4 c5 34.
Qxb5 Rc8 35. Rd7 Qa1+ 36. Qf1 Qxf1+ 37. Kxf1 cxb4 38. Rb7 Rc3 39. Kg2 b3 40.
Kg3 g6 $11 41. Kg4 Kg7 42. e5 Re3 43. Kg3 Kf8 44. Kg4 Kg7 45. Rb8 h5+ 46. Kg3
Kh7 47. Rb7 Kg8 48. Kf2 Rc3 49. Rb8+ Kg7 50. Rb6 Rc2+ 51. Kg3 b2 52. f5 gxf5
53. Kf4 Rf2 54. Rb7 Kg6 55. Rb6+ Kg7 56. h4 Kh7 57. Kg5 Rxf3 58. Rxb2 Rg3+ 59.
Kf6 Rg7 60. Rf2 Kg8 61. Rxf5 Rg6+ 62. Ke7 Re6+ 63. Kd7 Rh6 64. Rf6 Kg7 65. Rd6
Rg6 66. Ke7 Rg4 67. Rf6 Rxh4 68. Rxf7+ Kg6 69. Rf6+ Kg7 70. Rf1 Re4 71. e6 h4
72. Rg1+ Kh7 73. Kf7 Rf4+ 74. Ke8 Re4 75. e7 Re3 76. Rg5 h3 77. Kf7 Rf3+ 78.
Ke8 Re3 79. Rh5+ Kg6 80. Rh8 Kg5 81. Kf7 Kg4 82. Rh6 Rxe7+ 83. Kxe7 Kg3 84. Ke6
h2 85. Kf5 Kg2 86. Kg4 h1=Q 87. Rxh1 Kxh1 1/2-1/2

[Event "ch-city A"]
[Site "Warszawa"]
[Date "2013.05.18"]
[Round "8.5"]
[White "Jarmula, Lukasz"]
[Black "Eggink, Ryszard"]
[Result "1-0"]
[WhiteElo "2250"]
[BlackElo "2087"]
[PlyCount "65"]
[EventDate "2013.05.11"]
[EventType "swiss"]
[EventRounds "9"]
[EventCountry "POL"]

1. e4 e5 2. Nf3 Nc6 3. Bb5 a6 4. Ba4 Nf6 5. Qe2 b5 6. Bb3 Bc5 7. c3 d6 8. d3
Bb7 9. Nbd2 Bb6 10. Nf1 Qd7 11. Be3 Bxe3 12. fxe3 d5 13. exd5 Nxd5 14. Ng3
O-O-O 15. O-O g6 16. Ng5 Rdf8 17. c4 Ndb4 18. cxb5 Nd8 19. a3 Qxd3 20. axb4
Qxb3 21. bxa6 Ba8 22. b5 f5 23. Rfc1 Re8 24. Nf3 h5 25. Nd2 Qe6 26. Nc4 h4 27.
Nf1 h3 28. g3 Kb8 29. b6 Qc6 30. bxc7+ Ka7 31. c8=N+ Qxc8 32. Nd6 Qd7 33. Nc8+
1-0

[Event "ch-city A"]
[Site "Warszawa"]
[Date "2013.05.18"]
[Round "8.6"]
[White "Spicak, Krzysztof"]
[Black "Deszczynski, Adam"]
[Result "0-1"]
[WhiteElo "1923"]
[BlackElo "2371"]
[PlyCount "52"]
[EventDate "2013.05.11"]
[EventType "swiss"]
[EventRounds "9"]
[EventCountry "POL"]

1. d4 d5 2. c4 dxc4 3. Nc3 Nf6 4. e4 e5 5. d5 Bc5 6. Qa4+ c6 7. Qxc4 Qb6 8. Qe2
cxd5 9. exd5 O-O 10. Bg5 Bg4 11. Qd2 Bd4 12. Bxf6 gxf6 13. Bc4 Rc8 14. Bb3 Na6
15. Nf3 Qb4 16. Rc1 Nc5 17. Bd1 Bxf3 18. gxf3 Qc4 19. Be2 Bxc3 20. Rxc3 Qxa2
21. Qh6 Qb1+ 22. Bd1 Qg6 23. Qe3 b6 24. Kf1 Kh8 25. Bc2 Qh5 26. f4 e4 0-1

[Event "ch-city A"]
[Site "Warszawa"]
[Date "2013.05.18"]
[Round "8.7"]
[White "Kasperkiewicz, Pawel"]
[Black "Adamski, Andrzej"]
[Result "0-1"]
[WhiteElo "2108"]
[BlackElo "2270"]
[PlyCount "56"]
[EventDate "2013.05.11"]
[EventType "swiss"]
[EventRounds "9"]
[EventCountry "POL"]

1. e4 g6 2. d4 Bg7 3. Nf3 d6 4. Nc3 a6 5. a4 Nc6 6. Be3 Nf6 7. Be2 O-O 8. O-O
Bg4 9. Qd2 Nd7 10. Rad1 e5 11. dxe5 dxe5 12. Ng5 Bxe2 13. Nxe2 Nb6 14. Bxb6
cxb6 15. Nf3 Rc8 16. Nc3 Nb4 17. Qxd8 Rfxd8 18. Rxd8+ Rxd8 19. Nd5 Nxd5 20. Rd1
Bf6 21. Rxd5 Rxd5 22. exd5 e4 23. Nd2 Bxb2 24. Nxe4 Kf8 25. Kf1 f5 26. Nd2 b5
27. axb5 a5 28. Nc4 a4 0-1

[Event "ch-city A"]
[Site "Warszawa"]
[Date "2013.05.18"]
[Round "8.8"]
[White "Nowak, Lukasz"]
[Black "Jarmula, Pawel"]
[Result "1/2-1/2"]
[WhiteElo "1897"]
[BlackElo "2190"]
[PlyCount "91"]
[EventDate "2013.05.11"]
[EventType "swiss"]
[EventRounds "9"]
[EventCountry "POL"]

1. e4 c5 2. Nf3 d6 3. d4 cxd4 4. Nxd4 Nf6 5. Nc3 a6 6. Be2 e5 7. Nb3 Be7 8. O-O
O-O 9. a4 Be6 10. Bf3 Nbd7 11. a5 Qc7 12. Be3 Rfc8 13. Re1 h6 14. Qd2 Rab8 15.
Ba7 Ra8 16. Be3 b5 17. axb6 Nxb6 18. Na5 Rab8 19. Reb1 Nc4 20. Nxc4 Bxc4 21.
Qc1 Qc6 22. Bd2 Nd7 23. b3 Be6 24. Qf1 Ra8 25. Ra2 Nc5 26. Nd5 Bxd5 27. exd5
Qb7 28. b4 Nd7 29. c4 Nf6 30. Rba1 e4 31. Be2 Nd7 32. Bc3 Qb6 33. Qe1 Qb7 34.
Bd4 Bf6 35. Bxf6 Nxf6 36. Qd2 Rcb8 37. Ra4 Nd7 38. Qd4 a5 39. c5 dxc5 40. bxc5
Qb2 41. Qxb2 Rxb2 42. Bf1 Nxc5 43. Rxa5 Rxa5 44. Rxa5 Nd7 45. Ra8+ Kh7 46. Ra4
$11 1/2-1/2

[Event "ch-city A"]
[Site "Warszawa"]
[Date "2013.05.18"]
[Round "8.9"]
[White "Borowy, Cezary"]
[Black "Malec, Sebastian"]
[Result "0-1"]
[WhiteElo "1842"]
[BlackElo "2170"]
[PlyCount "46"]
[EventDate "2013.05.11"]
[EventType "swiss"]
[EventRounds "9"]
[EventCountry "POL"]

1. c4 Nf6 2. Nc3 g6 3. e4 d6 4. g3 Bg7 5. Bg2 O-O 6. Nge2 e5 7. O-O Na6 8. d3
c6 9. f4 Ng4 10. Qe1 Nb4 11. h3 Nxd3 12. Qd2 Qb6+ 13. Kh1 Ndf2+ 14. Rxf2 Nxf2+
15. Kh2 f5 16. exf5 gxf5 17. Qxd6 e4 18. b3 Nd3 19. Ba3 c5 20. Qxb6 axb6 21.
Bc1 Bd7 22. a4 Bc6 23. Be3 Rad8 0-1

[Event "ch-city A"]
[Site "Warszawa"]
[Date "2013.05.18"]
[Round "8.10"]
[White "Liberadzki, Slawomir"]
[Black "Kuciel, Wladyslaw"]
[Result "1-0"]
[WhiteElo "2073"]
[BlackElo "2006"]
[PlyCount "101"]
[EventDate "2013.05.11"]
[EventType "swiss"]
[EventRounds "9"]
[EventCountry "POL"]

1. e4 c5 2. c3 d5 3. exd5 Nf6 4. d4 Nxd5 5. Nf3 e6 6. Bd3 Nc6 7. O-O cxd4 8.
cxd4 Be7 9. Nc3 O-O 10. a3 f5 11. Re1 Bf6 12. Bc4 Nb6 13. Bxe6+ Bxe6 14. Rxe6
Qd7 15. Qb3 Kh8 16. Bf4 Nxd4 17. Nxd4 Qxd4 18. Be3 Qd7 19. Bxb6 axb6 20. Rxb6
Bd4 21. Rxb7 Qc6 22. Ne2 Be5 23. f4 Rfb8 24. Rxb8+ Rxb8 25. Rc1 Qa6 26. Qc4
Qb6+ 27. Qc5 Qxc5+ 28. Rxc5 Bxb2 29. a4 g6 30. Rb5 Rxb5 31. axb5 Ba3 32. Kf2
Bc5+ 33. Ke1 Kg8 34. Kd2 Kf7 35. Kd3 Ke6 36. Kc4 Kd6 37. Nc1 Bg1 38. h3 Be3 39.
Nd3 Bd2 40. Kd4 Ba5 41. Ne5 Bb6+ 42. Kd3 Bg1 43. Nf3 Bf2 44. Ng5 h6 45. Nf7+
Ke7 46. Nxh6 Kf8 47. g4 Kg7 48. g5 Bg3 49. Ke3 Bh2 50. Kf3 Bg1 51. h4 1-0

[Event "ch-city A"]
[Site "Warszawa"]
[Date "2013.05.18"]
[Round "8.11"]
[White "Harazinska, Ewa"]
[Black "Kielar, Maciej"]
[Result "1-0"]
[WhiteElo "2070"]
[BlackElo "2121"]
[PlyCount "91"]
[EventDate "2013.05.11"]
[EventType "swiss"]
[EventRounds "9"]
[EventCountry "POL"]

1. d4 Nf6 2. c4 g6 3. Nc3 Bg7 4. e4 d6 5. Nf3 O-O 6. Be2 e5 7. O-O Nc6 8. d5
Ne7 9. b4 a5 10. Ba3 Nd7 11. bxa5 Rxa5 12. Bb4 Ra8 13. a4 Bh6 14. Ne1 f5 15.
Nd3 Nf6 16. f3 Be3+ 17. Kh1 b6 18. a5 Ba6 19. axb6 cxb6 20. Qb3 g5 21. Ra2 Nh5
22. g3 Rf6 23. Rfa1 Qc8 24. Kg2 Rh6 25. Nf2 Ng6 26. exf5 Nhf4+ 27. gxf4 Nxf4+
28. Kf1 Rxh2 29. Nce4 Bxf2 30. Nxf2 Nxe2 31. Rxa6 Rxa6 32. Rxa6 Nd4 33. Qa2
Qxf5 34. Rxb6 Qxf3 35. Qa8+ Kg7 36. Qa7+ Qf7 37. Qxf7+ Kxf7 38. Bxd6 Nf3 39.
Bb4 Rh4 40. c5 Rd4 41. Rb7+ Ke8 42. d6 e4 43. c6 Ne5 44. Re7+ Kd8 45. Ba5+ Kc8
46. Re8# 1-0

[Event "ch-city A"]
[Site "Warszawa"]
[Date "2013.05.18"]
[Round "8.12"]
[White "Kowalska, Elzbieta"]
[Black "Sujkowski, Pawel"]
[Result "1/2-1/2"]
[WhiteElo "1891"]
[BlackElo "1956"]
[PlyCount "96"]
[EventDate "2013.05.11"]
[EventType "swiss"]
[EventRounds "9"]
[EventCountry "POL"]

1. e4 e6 2. d4 d5 3. e5 c5 4. c3 Nc6 5. Nf3 Qb6 6. a3 Nh6 7. Bd3 Bd7 8. Bc2
cxd4 9. cxd4 g6 10. O-O Nf5 11. Bxf5 gxf5 12. Nc3 Rc8 13. Na4 Qc7 14. b4 b6 15.
Bd2 Bg7 16. Rc1 Qd8 17. Nb2 Ne7 18. Qe2 O-O 19. Rxc8 Qxc8 20. Rc1 Qe8 21. Qd1
Qb8 22. g3 Rc8 23. Bg5 Ng6 24. Qd2 Rxc1+ 25. Qxc1 Qc8 26. Qxc8+ Bxc8 27. b5 Kf8
28. Nd3 Ke8 29. Bd2 a6 30. bxa6 Bxa6 31. Nb4 Bb5 32. h4 f6 33. h5 Nf8 34. exf6
Bxf6 35. Ne5 Bxe5 36. dxe5 Nd7 37. Bf4 Be2 38. h6 Nf8 39. Nc6 Bd1 40. Nd4 Kd7
41. Kf1 Ng6 42. Ke1 Nxf4 43. gxf4 Ba4 44. Nf3 Ke7 45. Ng5 Bd7 46. Nxh7 Kf7 47.
Nf6 Bb5 48. Kd2 Kg6 1/2-1/2

[Event "ch-city A"]
[Site "Warszawa"]
[Date "2013.05.18"]
[Round "8.13"]
[White "Piotrowski, Arkadiusz"]
[Black "Kaliszewski, Tomasz"]
[Result "0-1"]
[WhiteElo "1971"]
[BlackElo "2010"]
[PlyCount "112"]
[EventDate "2013.05.11"]
[EventType "swiss"]
[EventRounds "9"]
[EventCountry "POL"]

1. e4 c5 2. Nf3 Nc6 3. d4 cxd4 4. Nxd4 Nf6 5. Nc3 e5 6. Ndb5 d6 7. Bg5 a6 8.
Na3 b5 9. Nd5 Be7 10. Nxe7 Nxe7 11. Bd3 Bb7 12. Bxf6 gxf6 13. O-O Qb6 14. c4 b4
15. Nc2 Rg8 16. Qe1 Ng6 17. Qe3 Qc5 18. Qxc5 dxc5 19. f3 Nf4 20. Ne1 O-O-O 21.
Rd1 Rd4 22. g3 Kc7 23. b3 Kb6 24. Kf2 Ne6 25. Nc2 Rd7 26. Be2 Rgd8 27. Rxd7
Rxd7 28. Rd1 Nd4 29. Bd3 Bc6 30. Nxd4 cxd4 31. Ra1 a5 32. Ke2 Ra7 33. Bc2 a4
34. Rb1 Kc5 35. g4 Ra8 36. Rg1 h6 37. Rg3 axb3 38. axb3 Ra2 39. Kd3 Ra1 40. Ke2
Rc1 41. Kd2 Rf1 42. Rh3 Rf2+ 43. Kd3 Rf1 44. Ke2 Rc1 45. Bd1 d3+ 46. Kd2 Ra1
47. Rxh6 Kd4 48. Rxf6 Ra2+ 49. Kc1 Kc3 50. Kb1 Rd2 51. Kc1 Rb2 52. Rd6 d2+ 53.
Rxd2 Rxd2 54. h4 Rh2 55. h5 f6 56. f4 Bxe4 0-1

[Event "ch-city A"]
[Site "Warszawa"]
[Date "2013.05.18"]
[Round "8.14"]
[White "Bielecki, Pawel"]
[Black "Goslawski, Michal"]
[Result "1/2-1/2"]
[WhiteElo "1983"]
[BlackElo "2149"]
[PlyCount "130"]
[EventDate "2013.05.11"]
[EventType "swiss"]
[EventRounds "9"]
[EventCountry "POL"]

1. e4 e6 2. d4 d5 3. Nc3 Bb4 4. a3 Bxc3+ 5. bxc3 dxe4 6. Qg4 Nf6 7. Qxg7 Rg8 8.
Qh6 c5 9. Bb2 cxd4 10. cxd4 Nc6 11. O-O-O Ng4 12. Qd2 Bd7 13. h3 Nf6 14. Ne2
Rc8 15. Kb1 Na5 16. Nf4 Nd5 17. Nxd5 exd5 18. f3 Qb6 19. g4 Ba4 20. Rc1 Rg6 21.
fxe4 Rgc6 22. Bd3 Nc4 23. Bxc4 Rxc4 24. exd5 Rxc2 25. Rhe1+ Kd7 26. Qb4 Qxb4
27. axb4 Rxc1+ 28. Bxc1 Bb3 29. Re5 f6 30. Re3 Bxd5 31. Bd2 Rc4 32. Bc3 Rc6 33.
Kc2 Ra6 34. Bb2 Rc6+ 35. Bc3 b5 36. Kd2 Ra6 37. Kc2 Ra2+ 38. Bb2 Ra4 39. Bc3
Ra3 40. Re1 Ra6 41. Re3 Rc6 42. Kd2 Rc4 43. Re1 Rc6 44. g5 fxg5 45. Re5 Bc4 46.
Rxg5 Rh6 47. Rg3 Kd6 48. Ke3 Re6+ 49. Kf4 Rf6+ 50. Ke3 Re6+ 51. Kf4 Rf6+ 52.
Ke3 Bd5 53. Be1 Re6+ 54. Kd2 Re4 55. Bf2 Bc4 56. Be3 Rh4 57. Bf2 Rh5 58. Ra3
Rf5 59. Bg3+ Kd5 60. Ke3 Rg5 61. Kf4 Rh5 62. Rxa7 Kxd4 63. Rd7+ Kc3 64. Be1+
Kb3 65. h4 Rh6 1/2-1/2